[Event "TCh-FRA Top 12 2012"]
[Site "Belfort FRA"]
[Date "2012.06.04"]
[Round "5.7"]
[White "Vernay, Clovis"]
[Black "Bellahcene, Bilel"]
[Result "1-0"]
[WhiteTitle "IM"]
[BlackTitle "FM"]
[WhiteElo "2441"]
[BlackElo "2347"]
[WhiteTeam "Echiquier Chalonnais"]
[BlackTeam "BISCHWILLER"]
[WhiteFideId "633046"]
[BlackFideId "696358"]
[EventDate "2012.05.31"]

1. d4 Nf6 2. c4 e6 3. Nc3 Bb4 4. Qc2 d6 5. Nf3 Nbd7 6. g3 b6 7. Bg2 Bb7 8. O-O
Bxc3 9. Qxc3 O-O 10. Rd1 Qe7 11. b4 a5 12. b5 Rfe8 13. Bb2 Rac8 14. Rac1 Be4 15.
Ba3 Red8 16. Bf1 c5 17. bxc6 Bxc6 18. Qb3 Ne4 19. Ne5 Qf6 20. Ng4 Qg5 21. Ne3
Ndf6 22. f3 Ba4 23. Qd3 Bxd1 24. Rxd1 Nxg3 25. hxg3 Qxg3+ 26. Bg2 Nh5 27. Nf1
Qxg2+ 28. Kxg2 Nf4+ 29. Kf2 Nxd3+ 30. exd3 d5 31. Ne3 Rb8 32. Be7 Rd7 33. Bh4
Rc8 34. Bg3 f6 35. a4 g6 36. Ke2 Kg7 37. f4 f5 38. Bf2 h6 39. Rb1 dxc4 40. Nxc4
Rb8 41. Ne5 Rd6 42. Rg1 Kh7 43. Rxg6 b5 44. axb5 Rxb5 45. Rf6 Rb7 46. d5 Rxd5
47. Rxe6 a4 48. Ra6 Rb2+ 49. Ke3 Rb7 50. Bh4 Rdb5 51. Rxa4 Kg7 52. Rd4 R5b6 53.
Bd8 Re6 54. Rd5 Ra7 55. Kf3 Rb7 56. Ba5 Rb3 57. Rd7+ Kg8 58. Bd8 Rc3 59. Ke3 Rb3
60. Be7 h5 61. Kf3 Rb1 62. Bg5 Rg1 63. Nf7 Ree1 64. Nh6+ Kf8 65. Rd8+ Kg7 66.
Nxf5+ Kf7 67. Ng3 Ke6 68. f5+ Kf7 69. Rd7+ 1-0

[Event "TCh-FRA Top 12 2012"]
[Site "Belfort FRA"]
[Date "2012.06.04"]
[Round "5.8"]
[White "Maisuradze, Nino"]
[Black "Benmesbah, Natacha"]
[Result "0-1"]
[WhiteTitle "WGM"]
[BlackTitle "WIM"]
[WhiteElo "2302"]
[BlackElo "2208"]
[WhiteTeam "BISCHWILLER"]
[BlackTeam "Echiquier Chalonnais"]
[WhiteFideId "13601717"]
[BlackFideId "642002"]
[EventDate "2012.05.31"]

1. c4 c5 2. Nc3 b6 3. e4 Bb7 4. Nf3 d6 5. d4 cxd4 6. Nxd4 Nf6 7. Bd3 g6 8. O-O
Bg7 9. Nc2 O-O 10. Bg5 Nbd7 11. Ne3 Rc8 12. Qd2 Nc5 13. f3 a6 14. Rad1 Nfd7 15.
Be2 Ne6 16. Bh4 Nd4 17. Kh1 Nxe2 18. Qxe2 Bxc3 19. bxc3 f6 20. Bf2 Qc7 21. Rb1
Ne5 22. Qb2 Nxc4 23. Nxc4 Qxc4 24. Qxb6 Bc6 25. Qb3 Ba4 26. Qxc4+ Rxc4 27. Be1
Bb5 28. Rf2 Ra4 29. Kg1 Rc8 30. h4 Bc4 31. Rbb2 Rc5 32. Rfd2 Rb5 33. Rxb5 Bxb5
34. Rb2 Kf7 35. Bg3 Ra3 36. Be1 Bc4 37. Kf2 Bxa2 38. Ke3 a5 39. Kd3 Be6 40. Kc2
Bc4 41. Kc1 Ra1+ 42. Rb1 Rxb1+ 43. Kxb1 e5 44. g3 g5 45. hxg5 fxg5 46. Bd2 Kf6
47. Kc2 h5 48. Kd1 h4 49. gxh4 gxh4 50. Ke1 a4 51. Bc1 Ke6 52. Kf2 d5 53. exd5+
Kxd5 54. Kg2 Be2 55. f4 Bg4 56. fxe5 Kc4 57. Ba3 Kb3 58. Be7 h3+ 59. Kg3 Be6 60.
c4 a3 61. Bc5 a2 62. Bd4 Kxc4 63. Ba1 Kd3 64. Kh2 Kc2 0-1

[Event "TCh-FRA Top 12 2012"]
[Site "Belfort FRA"]
[Date "2012.06.04"]
[Round "5.2"]
[White "Kulaots, Kaido"]
[Black "Navara, David"]
[Result "1/2-1/2"]
[WhiteTitle "GM"]
[BlackTitle "GM"]
[WhiteElo "2574"]
[BlackElo "2706"]
[WhiteTeam "L'Echiquier Deauvillais"]
[BlackTeam "MULHOUSE Philidor"]
[WhiteFideId "4500261"]
[BlackFideId "309095"]
[EventDate "2012.05.31"]

1. d4 Nf6 2. c4 e6 3. Nc3 Bb4 4. Qc2 O-O 5. e4 d6 6. a3 Bxc3+ 7. bxc3 e5 8. Bd3
c5 9. Ne2 Nc6 10. O-O h6 11. Rb1 b6 12. f4 exd4 13. cxd4 cxd4 14. Bb2 Nd7 15.
Nxd4 Nxd4 16. Bxd4 Nc5 17. Bxc5 dxc5 18. e5 Bb7 19. Rbd1 Qc7 20. Bh7+ Kh8 21.
Be4 Bxe4 22. Qxe4 Rad8 23. Rd5 b5 24. cxb5 c4 25. Rc1 Rxd5 26. Qxd5 Rc8 27. Rc3
Qa5 28. Qd4 Qxb5 29. h3 Qb6 30. Qxb6 axb6 31. a4 g5 32. fxg5 hxg5 33. Kf2 Rc5
34. Kf3 Rxe5 35. Rxc4 b5 36. axb5 1/2-1/2

[Event "TCh-FRA Top 12 2012"]
[Site "Belfort FRA"]
[Date "2012.06.04"]
[Round "5.4"]
[White "Battaglini, Gabriel"]
[Black "Bogner, Sebastian"]
[Result "0-1"]
[WhiteTitle "IM"]
[BlackTitle "GM"]
[WhiteElo "2412"]
[BlackElo "2569"]
[WhiteTeam "L'Echiquier Deauvillais"]
[BlackTeam "MULHOUSE Philidor"]
[WhiteFideId "621650"]
[BlackFideId "4692055"]
[EventDate "2012.05.31"]

1. d4 d5 2. c4 c6 3. Nc3 Nf6 4. e3 a6 5. Nf3 b5 6. c5 g6 7. h3 Bg7 8. Bd3 O-O 9.
a3 a5 10. O-O Nbd7 11. Rb1 a4 12. Re1 Qc7 13. e4 dxe4 14. Nxe4 Nxe4 15. Bxe4 Nf6
16. Bd3 Be6 17. Bg5 Rad8 18. Qc2 Bd5 19. Nd2 Rd7 20. Re2 Nh5 21. Rbe1 Bxd4 22.
Bxe7 Qg3 23. Ne4 Bxe4 24. Rxe4 Rxe7 25. Rxe7 Nf4 26. Be4 Bxf2+ 27. Kf1 Bxe1 28.
Bxc6 Ba5 29. Qf2 Qxf2+ 30. Kxf2 Nd3+ 31. Ke2 Nxc5 32. Re5 Ne6 33. Bxb5 Bc7 34.
Re4 Rb8 35. Bxa4 Rxb2+ 36. Kf1 Bb6 37. Re2 Rb1+ 38. Re1 Rxe1+ 39. Kxe1 Bc5 40.
Bc6 Bxa3 41. Kf2 Bc5+ 42. Kg3 Kg7 43. Kh2 h5 44. Kh1 Kf6 45. Kh2 Bd6+ 46. Kh1
Bg3 47. Kg1 Nf4 48. Be8 Ke7 49. Bb5 f6 50. Bc4 Kd6 51. Bf7 Ke5 52. Be8 Ke4 53.
Bf7 Ke3 54. Be8 h4 55. Bf7 g5 56. Bc4 Bf2+ 57. Kh2 Ng6 58. Be6 Ne5 59. Bc8 Be1
60. Bf5 Kf2 61. Be4 Bd2 62. Bf5 Nc4 63. Bc8 Ne3 64. Bb7 Ba5 65. Bc6 Bc7+ 66. Kh1
Kg3 67. Bb7 Bb6 68. Be4 Nd1 0-1

[Event "TCh-FRA Top 12 2012"]
[Site "Belfort FRA"]
[Date "2012.06.04"]
[Round "5.8"]
[White "Fruteau, Sabine"]
[Black "Choisy, Mathilde"]
[Result "1-0"]
[WhiteTitle "WFM"]
[BlackTitle "WFM"]
[WhiteElo "2127"]
[BlackElo "2205"]
[WhiteTeam "L'Echiquier Deauvillais"]
[BlackTeam "MULHOUSE Philidor"]
[WhiteFideId "601942"]
[BlackFideId "634565"]
[EventDate "2012.05.31"]

1. e4 c5 2. Nf3 e6 3. d4 cxd4 4. Nxd4 Nc6 5. Nxc6 bxc6 6. Bd3 Nf6 7. O-O d5 8.
Nd2 Be7 9. Qe2 Qc7 10. c4 Bb7 11. b3 O-O 12. Bb2 Rfd8 13. e5 Nd7 14. f4 Nc5 15.
Bc2 d4 16. Rf3 g6 17. Ne4 Nxe4 18. Bxe4 a5 19. a4 Rab8 20. Rd1 c5 21. Bc1 Bxe4
22. Qxe4 Qb7 23. Qe1 Ra8 24. Rdd3 Rdb8 25. Bd2 Bd8 26. g4 Qe7 27. g5 Ra7 28. Rh3
h5 29. gxh6 Kh7 30. Qe4 Qb7 31. Qe2 Qe7 32. Rdf3 Bb6 33. Be1 Bd8 34. Qe4 Qb7 35.
Qc2 Qc7 36. Qg2 Qd7 37. Qe2 Ra6 38. Qc2 Ra7 39. Rh5 Rab7 40. Rhh3 Ra7 41. Rfg3
Rab7 42. Rg4 Bb6 43. Rhg3 Rg8 44. Qe4 Rbb8 45. h4 Qe8 46. h5 Rd8 47. hxg6+ Rxg6
48. Rxg6 fxg6 49. Qb7+ Qd7 50. Qxb6 Rf8 51. Bd2 Qe7 52. Qxa5 Qh4 53. Qc7+ 1-0

[Event "TCh-FRA Top 12 2012"]
[Site "Belfort FRA"]
[Date "2012.06.04"]
[Round "5.2"]
[White "Fedorchuk, Sergey A."]
[Black "Bauer, Christian"]
[Result "1-0"]
[WhiteTitle "GM"]
[BlackTitle "GM"]
[WhiteElo "2634"]
[BlackElo "2672"]
[WhiteTeam "EVRY Grand Roque"]
[BlackTeam "VANDOEUVRE Echecs"]
[WhiteFideId "14102536"]
[BlackFideId "603767"]
[EventDate "2012.05.31"]

1. e4 d5 2. exd5 Qxd5 3. Nf3 Bg4 4. Be2 Nc6 5. Nc3 Qa5 6. h3 Bh5 7. Rb1 e6 8. a3
Bxf3 9. Bxf3 Nge7 10. b4 Qe5+ 11. Ne2 O-O-O 12. O-O Qd6 13. g3 h5 14. b5 Nd4 15.
Bg2 Nef5 16. a4 Qb6 17. Kh1 Nxe2 18. Qxe2 Rd4 19. Ra1 a5 20. c3 Rd7 21. d4 Be7
22. Bb2 Kb8 23. Rad1 g6 24. Rd3 Rhd8 25. Rfd1 Bf6 26. Ba3 Be7 27. Bc5 Bxc5 28.
dxc5 Rxd3 29. Rxd3 Rxd3 30. cxb6 1-0

[Event "TCh-FRA Top 12 2012"]
[Site "Belfort FRA"]
[Date "2012.06.04"]
[Round "5.4"]
[White "Tkachiev, Vladislav"]
[Black "Philippe, Christophe"]
[Result "1/2-1/2"]
[WhiteTitle "GM"]
[BlackTitle "IM"]
[WhiteElo "2641"]
[BlackElo "2403"]
[WhiteTeam "EVRY Grand Roque"]
[BlackTeam "VANDOEUVRE Echecs"]
[WhiteFideId "618438"]
[BlackFideId "610038"]
[EventDate "2012.05.31"]

1. Nf3 Nc6 2. c4 e5 3. Nc3 g6 4. d4 exd4 5. Nxd4 Bg7 6. Nxc6 bxc6 7. g3 Ne7 8.
Bg2 d6 9. Bg5 f6 10. Bd2 Rb8 11. b3 O-O 12. O-O c5 13. Rc1 Bb7 14. Nd5 Nxd5 15.
cxd5 Re8 16. Ba5 Ba6 17. Re1 Re7 18. Qd2 Qd7 19. b4 c4 20. Qc2 Bb5 21. Ra1 f5
22. a4 Bxa1 23. Rxa1 a6 24. axb5 axb5 25. Qd2 Qe8 26. Qd4 Ra8 27. e4 Qf7 28. f4
fxe4 29. Bh3 Qg7 30. Be6+ Rxe6 31. Qxg7+ Kxg7 32. dxe6 Kf6 33. Kf2 Kxe6 34. Ke3
d5 35. Kd4 c6 36. g4 h5 37. gxh5 gxh5 38. Ra3 Kf5 39. Rh3 Kg4 40. Rg3+ Kxf4 41.
Bc7+ Kf5 42. Rh3 Kg4 43. Rg3+ Kf5 44. Rh3 Kg4 45. Rg3+ 1/2-1/2

[Event "TCh-FRA Top 12 2012"]
[Site "Belfort FRA"]
[Date "2012.06.04"]
[Round "5.8"]
[White "Milliet, Sophie"]
[Black "Guichard, Pauline"]
[Result "1/2-1/2"]
[WhiteTitle "IM"]
[BlackTitle "WGM"]
[WhiteElo "2387"]
[BlackElo "2316"]
[WhiteTeam "EVRY Grand Roque"]
[BlackTeam "VANDOEUVRE Echecs"]
[WhiteFideId "623725"]
[BlackFideId "639370"]
[EventDate "2012.05.31"]

1. e4 e5 2. Nf3 Nc6 3. Bc4 Nf6 4. Ng5 d5 5. exd5 Na5 6. Bb5+ c6 7. dxc6 bxc6 8.
Bd3 Nd5 9. h4 Nf4 10. Qf3 Nxd3+ 11. cxd3 f6 12. Ne4 Be6 13. Qg3 c5 14. O-O Nc6
15. Na3 Nd4 16. Re1 Be7 17. b3 Nf5 18. Qh3 O-O 19. Bb2 Qd7 20. Rac1 Rac8 21. Nc4
Rfd8 22. h5 Qxd3 23. Qxd3 Rxd3 24. Ba3 Rdd8 25. Ne3 Nxe3 26. dxe3 Rd5 27. Red1
Rxd1+ 28. Rxd1 Kf7 29. Nd6+ Bxd6 30. Rxd6 c4 31. bxc4 Rxc4 32. Ra6 Rc7 33. Bd6
Bc8 34. Bxc7 1/2-1/2

[Event "TCh-FRA Top 12 2012"]
[Site "Belfort FRA"]
[Date "2012.06.05"]
[Round "6.2"]
[White "Bauer, Christian"]
[Black "Kulaots, Kaido"]
[Result "1-0"]
[WhiteTitle "GM"]
[BlackTitle "GM"]
[WhiteElo "2672"]
[BlackElo "2574"]
[WhiteTeam "VANDOEUVRE Echecs"]
[BlackTeam "L'Echiquier Deauvillais"]
[WhiteFideId "603767"]
[BlackFideId "4500261"]
[EventDate "2012.05.31"]

1. d4 Nf6 2. Nf3 g6 3. Bf4 Bg7 4. e3 O-O 5. Be2 d6 6. O-O b6 7. a4 c5 8. a5 cxd4
9. Nxd4 Ba6 10. Bg5 bxa5 11. Nc3 Re8 12. Ra3 Bxe2 13. Qxe2 Nbd7 14. Rfa1 Qb6 15.
Nb3 h6 16. Bh4 Rec8 17. Rxa5 Qb7 18. h3 Nb6 19. Nd4 Nc4 20. Rb5 Qd7 21. Qf3 a6
22. Bxf6 axb5 23. Rxa8 Bxf6 24. Nd5 Rxa8 25. Nxf6+ exf6 26. Qxa8+ Kg7 27. b3 Nd2
28. Qa5 Ne4 29. Qxb5 Qa7 30. Qa4 Qe7 31. b4 d5 32. Qa5 Qd6 33. Qb5 h5 34. h4 Qe5
35. Qd7 Nd2 36. b5 Nc4 37. Qh3 Qd6 38. Qf3 Qc5 39. Qd1 Qb4 40. g3 Ne5 41. Qc1
Qc3 42. Kg2 Ng4 43. Qd1 Qb4 44. Qd3 Qe1 45. Qe2 Qb4 46. Nf3 Qb2 47. Qd3 Qb1 48.
Nh2 Nxh2 49. Kxh2 Qa2 50. Qb3 Qa1 51. Kg2 Qa8 52. Qc3 Qa4 53. b6 Qe4+ 54. Kg1
Qe7 55. Qc7 1-0

[Event "TCh-FRA Top 12 2012"]
[Site "Belfort FRA"]
[Date "2012.06.05"]
[Round "6.3"]
[White "Cornette, Matthieu"]
[Black "Landa, Konstantin"]
[Result "1/2-1/2"]
[WhiteTitle "GM"]
[BlackTitle "GM"]
[WhiteElo "2552"]
[BlackElo "2646"]
[WhiteTeam "L'Echiquier Deauvillais"]
[BlackTeam "VANDOEUVRE Echecs"]
[WhiteFideId "620084"]
[BlackFideId "4101685"]
[EventDate "2012.05.31"]

1. d4 Nf6 2. c4 e6 3. g3 Bb4+ 4. Bd2 Bxd2+ 5. Qxd2 d5 6. Bg2 c6 7. Nf3 Nbd7 8.
O-O O-O 9. Rc1 Re8 10. Qf4 Qe7 11. Nbd2 e5 12. dxe5 Nxe5 13. Nxe5 Qxe5 14. Qxe5
Rxe5 15. e3 Be6 16. Nf3 Rh5 17. Nd4 dxc4 18. Nxe6 fxe6 19. Rxc4 Rb5 20. Rc2 Rd8
21. Bf3 Kf7 22. Rd1 Rxd1+ 23. Bxd1 Ke7 24. Kf1 a5 25. Be2 Rd5 26. Bf3 Rf5 27.
Kg2 g5 28. Rc4 Rb5 29. b3 h6 30. h4 Nd7 31. hxg5 hxg5 32. Be2 Rd5 33. Rc2 Re5
34. Rc3 Nf6 35. Bf3 Kd6 36. Kf1 Rc5 37. Rd3+ Ke7 38. Ke2 Rc1 39. Rd1 Rxd1 40.
Kxd1 e5 41. Kc2 e4 42. Be2 Kd6 43. a3 Kc5 44. Kc3 Nd5+ 45. Kd2 b5 46. Bg4 b4 47.
a4 Kd6 48. f4 exf3 49. Bxf3 Nb6 50. Kd3 c5 51. Bd1 Kd5 52. Bf3+ Kd6 53. Bd1 Ke5
54. Bc2 Kd5 55. Bd1 Nd7 56. Bf3+ Kd6 57. Be2 Kd5 58. Bf3+ Kd6 59. Be2 g4 60. Ke4
Ne5 61. Bb5 Nf3 62. Kd3 Ne5+ 63. Ke4 Nf3 64. Kd3 Ne5+ 65. Ke4 1/2-1/2

[Event "TCh-FRA Top 12 2012"]
[Site "Belfort FRA"]
[Date "2012.06.05"]
[Round "6.4"]
[White "Nezar, Mustapha"]
[Black "Beikert, Guenther"]
[Result "0-1"]
[WhiteTitle "IM"]
[BlackTitle "IM"]
[WhiteElo "2391"]
[BlackElo "2436"]
[WhiteTeam "VANDOEUVRE Echecs"]
[BlackTeam "L'Echiquier Deauvillais"]
[WhiteFideId "608637"]
[BlackFideId "4614186"]
[EventDate "2012.05.31"]

1. d4 d5 2. c4 c6 3. cxd5 cxd5 4. Nc3 Nf6 5. Bf4 Nc6 6. e3 Bg4 7. Qb3 Na5 8.
Qa4+ Bd7 9. Qc2 Rc8 10. Bd3 b5 11. Qe2 b4 12. Nd1 Nc4 13. Nf3 Qa5 14. O-O e6 15.
Ne5 Bb5 16. Bg5 Ne4 17. Bh4 a6 18. f3 Nxe5 19. dxe5 Bxd3 20. Qxd3 Nc5 21. Qc2 b3
22. Qe2 Qb5 23. Qd2 bxa2 24. Qc2 Kd7 25. Rxa2 Nd3 26. Nc3 Nb4 27. Qa4 Qxa4 28.
Rxa4 Bc5 29. Bf2 Nd3 30. Rxa6 Nxb2 31. Na4 Nxa4 32. Rxa4 Ra8 33. Rfa1 Rxa4 34.
Rxa4 Rb8 35. Kf1 Rb1+ 36. Ke2 Rb2+ 37. Kf1 Kc6 38. Rh4 h6 39. Rg4 g6 40. Rf4 Rb7
41. Ke2 Kb5 42. h4 Ra7 43. Kf1 Rc7 44. Ke2 h5 45. g4 Bf8 46. gxh5 gxh5 47. Rd4
Bb4 48. f4 Rc2+ 49. Kf3 Rc1 50. Ke2 Rc2+ 51. Kf3 Bc5 52. Rd1 Kc4 53. Rg1 d4 54.
Rg7 dxe3 55. Be1 Kd3 56. Rxf7 Rc1 57. Rd7+ Bd4 58. Ba5 Rf1+ 59. Kg3 e2 60. Rd6
Ke4 61. Rxe6 Rg1+ 62. Kh2 Ra1 63. Bb4 Kf3 64. Rg6 Be3 65. Rg3+ Ke4 66. e6 Bxf4
67. e7 Ra8 68. Kg2 Bxg3 69. Kxg3 Ke3 70. Bc5+ Kd2 71. Bb4+ Kd1 72. Kf4 Re8 73.
Kg5 Rxe7 74. Kxh5 Re5+ 75. Kg6 Re4 0-1

[Event "TCh-FRA Top 12 2012"]
[Site "Belfort FRA"]
[Date "2012.06.05"]
[Round "6.5"]
[White "Tirard, Hugo"]
[Black "Brunner, Nicolas"]
[Result "1-0"]
[WhiteTitle "IM"]
[BlackTitle "IM"]
[WhiteElo "2478"]
[BlackElo "2439"]
[WhiteTeam "L'Echiquier Deauvillais"]
[BlackTeam "VANDOEUVRE Echecs"]
[WhiteFideId "607100"]
[BlackFideId "620246"]
[EventDate "2012.05.31"]

1. e4 c6 2. d4 d5 3. e5 Bf5 4. Nd2 e6 5. Nb3 c5 6. dxc5 Bxc5 7. Nxc5 Qa5+ 8. c3
Qxc5 9. Qa4+ Nc6 10. Be3 Qa5 11. Qxa5 Nxa5 12. Bb5+ Nc6 13. Ne2 Ne7 14. Nd4 a6
15. Bxc6+ bxc6 16. Nxf5 Nxf5 17. Bc5 h5 18. f3 f6 19. Kf2 Rb8 20. b3 Rb5 21. b4
Kf7 22. Rhe1 Rb7 23. Re2 Rbb8 24. Rae1 Rbe8 25. g3 Nh6 26. Ke3 Nf5+ 27. Kd3 Nh6
28. c4 f5 29. Rc1 Ng8 30. cxd5 cxd5 31. Bd6 h4 32. Rc7+ Kg6 33. gxh4 Rxh4 34.
Rg2+ Kh7 35. Rcxg7+ Kh8 36. Ra7 Rh3 37. Ke3 Rc8 38. Bc5 Rh7 39. Rxa6 Rh6 40. a4
Kh7 41. a5 Kh8 42. Rb6 Ra8 43. a6 1-0

[Event "TCh-FRA Top 12 2012"]
[Site "Belfort FRA"]
[Date "2012.06.05"]
[Round "6.6"]
[White "Philippe, Christophe"]
[Black "Battaglini, Gabriel"]
[Result "0-1"]
[WhiteTitle "IM"]
[BlackTitle "IM"]
[WhiteElo "2403"]
[BlackElo "2412"]
[WhiteTeam "VANDOEUVRE Echecs"]
[BlackTeam "L'Echiquier Deauvillais"]
[WhiteFideId "610038"]
[BlackFideId "621650"]
[EventDate "2012.05.31"]

1. e4 e6 2. Nf3 d5 3. Nc3 d4 4. Ne2 c5 5. Ng3 Nc6 6. Bc4 a6 7. a4 Rb8 8. Qe2
Nge7 9. O-O Ng6 10. d3 b5 11. axb5 axb5 12. Bb3 Bd6 13. Nh5 O-O 14. g3 e5 15.
Ne1 Bh3 16. Ng2 Qd7 17. f3 Kh8 18. g4 Nd8 19. Bd2 Ne6 20. Bd5 Ne7 21. Bxe6 Qxe6
22. Ra6 g6 23. Ng3 Qd7 24. Bh6 Rg8 25. Bg5 h6 26. Bf6+ Kh7 27. Rfa1 Rgc8 28. Nh1
Ng8 29. Bh4 Bxg2 30. Kxg2 c4 31. Be1 cxd3 32. cxd3 b4 33. Qd1 b3 34. Rc1 Rxc1
35. Qxc1 Rc8 36. Qa1 Rc2+ 37. Nf2 h5 38. h3 Be7 39. Rb6 hxg4 40. hxg4 Nh6 41.
Kf1 Bh4 42. Qa8 Bxf2 43. Bxf2 Nxg4 44. Rb8 Rxf2+ 45. Ke1 Rxf3 46. Rh8+ Kg7 47.
Rh4 Nh6 48. Rxh6 Kxh6 49. Qh8+ Kg5 50. Qxe5+ Kg4 51. Qh2 Qe6 52. Qg2+ Rg3 53.
Qe2+ Kh4 54. Qd2 Re3+ 0-1

[Event "TCh-FRA Top 12 2012"]
[Site "Belfort FRA"]
[Date "2012.06.05"]
[Round "6.7"]
[White "Godard, Maxence"]
[Black "Paci, Cedric"]
[Result "1-0"]
[WhiteTitle "IM"]
[BlackTitle "FM"]
[WhiteElo "2363"]
[BlackElo "2379"]
[WhiteTeam "L'Echiquier Deauvillais"]
[BlackTeam "VANDOEUVRE Echecs"]
[WhiteFideId "603694"]
[BlackFideId "614203"]
[EventDate "2012.05.31"]

1. d4 e6 2. c4 f5 3. g3 Nf6 4. Bg2 Be7 5. Nf3 O-O 6. O-O d6 7. Nc3 Qe8 8. Re1
Qg6 9. e4 fxe4 10. Nxe4 Nxe4 11. Rxe4 Nc6 12. Re3 Bf6 13. d5 Nd8 14. Nd4 e5 15.
Nb5 Qf7 16. Nc3 Bg5 17. Rf3 Qe7 18. Rxf8+ Kxf8 19. Ne4 Bxc1 20. Rxc1 Nf7 21. c5
Kg8 22. h4 Nh6 23. Qc2 Bd7 24. cxd6 cxd6 25. Qc7 Rc8 26. Qxc8+ Bxc8 27. Rxc8+
Kf7 28. Ng5+ Kg6 29. Be4+ Kh5 30. Rh8 Qc7 31. Kg2 Qc1 32. Rxh7 Qe1 33. Rxg7 1-0

[Event "TCh-FRA Top 12 2012"]
[Site "Belfort FRA"]
[Date "2012.06.05"]
[Round "6.3"]
[White "Schlosser, Philipp"]
[Black "Sokolov, Andrei1"]
[Result "1/2-1/2"]
[WhiteTitle "GM"]
[BlackTitle "GM"]
[WhiteElo "2596"]
[BlackElo "2570"]
[WhiteTeam "BISCHWILLER"]
[BlackTeam "MULHOUSE Philidor"]
[WhiteFideId "4600169"]
[BlackFideId "627089"]
[EventDate "2012.05.31"]

1. Nf3 Nf6 2. c4 e6 3. g3 d5 4. Bg2 dxc4 5. Qa4+ Nbd7 6. Qxc4 c5 7. O-O b6 8. d4
Bb7 9. Bg5 Be7 10. Rd1 O-O 11. Nc3 Rc8 12. Qa4 a6 13. dxc5 b5 14. Qh4 Rxc5 15.
Ne5 Rxe5 16. Bxb7 h6 17. Bxf6 Bxf6 18. Qf4 Rf5 19. Qd6 Nc5 20. Qxd8 Bxd8 21. Bf3
b4 22. Ne4 Nxe4 23. Bxe4 Rc5 24. a3 bxa3 25. Rxa3 1/2-1/2

[Event "TCh-FRA Top 12 2012"]
[Site "Belfort FRA"]
[Date "2012.06.05"]
[Round "6.4"]
[White "Riff, Jean-Noel"]
[Black "Kosten, Anthony C."]
[Result "1-0"]
[WhiteTitle "IM"]
[BlackTitle "GM"]
[WhiteElo "2494"]
[BlackElo "2493"]
[WhiteTeam "MULHOUSE Philidor"]
[BlackTeam "BISCHWILLER"]
[WhiteFideId "611190"]
[BlackFideId "400114"]
[EventDate "2012.05.31"]

1. e4 e5 2. Nf3 Nc6 3. Bb5 Nf6 4. O-O Bc5 5. c3 O-O 6. d4 Bb6 7. Re1 d6 8. h3
Ne7 9. Na3 c6 10. Bf1 Ng6 11. Nc4 Bc7 12. dxe5 dxe5 13. Qc2 h6 14. b3 b5 15. Rd1
Qe7 16. Ne3 a6 17. a4 Bb7 18. Ba3 c5 19. Nd2 bxa4 20. bxa4 Rfd8 21. Nf5 Qe6 22.
f3 Nh5 23. Nc4 Ngf4 24. Nce3 Kh7 25. Bc4 Qf6 26. Ng4 Qg5 27. Bxf7 Nxh3+ 28. gxh3
g6 29. Bc1 Nf4 30. Bxf4 Qxf4 31. Bxg6+ Kxg6 32. Qb3 1-0

[Event "TCh-FRA Top 12 2012"]
[Site "Belfort FRA"]
[Date "2012.06.05"]
[Round "6.5"]
[White "Marcelin, Cyril"]
[Black "Bogner, Sebastian"]
[Result "1-0"]
[WhiteTitle "GM"]
[BlackTitle "GM"]
[WhiteElo "2477"]
[BlackElo "2569"]
[WhiteTeam "BISCHWILLER"]
[BlackTeam "MULHOUSE Philidor"]
[WhiteFideId "607274"]
[BlackFideId "4692055"]
[EventDate "2012.05.31"]

1. d4 d5 2. c4 c6 3. cxd5 cxd5 4. Nc3 Nf6 5. Nf3 Nc6 6. Bf4 Ne4 7. e3 Nxc3 8.
bxc3 g6 9. Bb5 Bg7 10. Ne5 Bd7 11. Bxc6 bxc6 12. Nxd7 Qxd7 13. O-O O-O 14. Qa4
f6 15. Rab1 e5 16. Bg3 Rab8 17. Rb3 Rb6 18. Rfb1 Rfb8 19. h3 Kf7 20. c4 Rxb3 21.
axb3 Rb7 22. Rd1 exd4 23. Rxd4 Bf8 24. Rd3 Bb4 25. Qa6 Rb6 26. Qa1 Qb7 27. Qd1
Be7 28. Kh2 Ke8 29. cxd5 cxd5 30. Rxd5 Rxb3 31. Ra5 Rb6 32. Qa4+ Qd7 33. Qxd7+
Kxd7 34. Rxa7+ Ke6 35. Bf4 h5 36. g4 hxg4 37. hxg4 Bd6 38. Bxd6 Rxd6 39. Kg3 g5
40. f4 gxf4+ 41. exf4 Rd3+ 42. Kh4 f5 43. Kg5 fxg4 44. f5+ Ke5 45. Re7+ Kd6 46.
Re6+ Kd7 47. Kxg4 Rd1 48. Kg5 Rg1+ 49. Kf6 Rf1 50. Re3 Rg1 51. Kf7 Rd1 52. f6
Rd4 53. Kg7 Rg4+ 54. Kf8 Rg2 55. f7 Rg4 56. Rd3+ Kc7 57. Ke7 1-0

[Event "TCh-FRA Top 12 2012"]
[Site "Belfort FRA"]
[Date "2012.06.05"]
[Round "6.6"]
[White "Demuth, Adrien"]
[Black "Wagner, Claude"]
[Result "1-0"]
[WhiteTitle "IM"]
[BlackTitle "IM"]
[WhiteElo "2423"]
[BlackElo "2340"]
[WhiteTeam "MULHOUSE Philidor"]
[BlackTeam "BISCHWILLER"]
[WhiteFideId "642274"]
[BlackFideId "600830"]
[EventDate "2012.05.31"]

1. d4 d5 2. c4 c6 3. Nf3 Nf6 4. Nc3 dxc4 5. a4 Bf5 6. Ne5 Nbd7 7. Nxc4 Qc7 8. g3
e5 9. dxe5 Nxe5 10. Bf4 Nfd7 11. Bg2 g5 12. Ne3 gxf4 13. Nxf5 O-O-O 14. Qc2 Kb8
15. gxf4 Nc4 16. e3 Nc5 17. Rd1 Rxd1+ 18. Nxd1 Qa5+ 19. Nc3 Qb6 20. O-O Qxb2 21.
Qxb2 Nxb2 22. Rb1 Ncd3 23. Be4 Ba3 24. Nd4 c5 25. Nc2 Bb4 26. Nd1 Nxd1 27. Rxd1
Nb2 28. Rd7 Rg8+ 29. Kf1 Nxa4 30. Rxb7+ Kc8 31. Rxa7 Nb6 32. Rxf7 Nc4 33. Bxh7
Rd8 34. Bf5+ Kb8 35. Rd7 Rf8 36. Nxb4 1-0

[Event "TCh-FRA Top 12 2012"]
[Site "Belfort FRA"]
[Date "2012.06.05"]
[Round "6.7"]
[White "Maisuradze, Nino"]
[Black "Shoker, Samy"]
[Result "0-1"]
[WhiteTitle "WGM"]
[BlackTitle "IM"]
[WhiteElo "2302"]
[BlackElo "2517"]
[WhiteTeam "BISCHWILLER"]
[BlackTeam "MULHOUSE Philidor"]
[WhiteFideId "13601717"]
[BlackFideId "627143"]
[EventDate "2012.05.31"]

1. d4 d6 2. c4 g6 3. Nc3 Bg7 4. e4 c6 5. f4 a6 6. Nf3 b5 7. e5 Nh6 8. Be3 O-O 9.
Qd2 Bg4 10. Nh4 f6 11. h3 Bc8 12. O-O-O Nf7 13. g4 dxe5 14. dxe5 Qxd2+ 15. Bxd2
fxe5 16. f5 gxf5 17. Nxf5 Bxf5 18. gxf5 Nd6 19. Rg1 Kh8 20. cxb5 axb5 21. Bd3
Nd7 22. Bg5 Bf6 23. Ne4 Bxg5+ 24. Nxg5 Rxa2 25. Kb1 Rfa8 26. Kc2 h6 27. Ne6 Nf8
28. Rde1 e4 29. Bxe4 Nc4 30. Bxc6 Rxb2+ 31. Kc3 Ra3+ 32. Kd4 Nh7 33. Kc5 Rc3 34.
Nd8 Ng5 35. Rxe7 Rd2 36. Ne6 Ne5+ 37. Kb4 Rc4+ 38. Kb3 Nxc6 39. Re8+ Kh7 40.
Nxg5+ hxg5 0-1

[Event "TCh-FRA Top 12 2012"]
[Site "Belfort FRA"]
[Date "2012.06.05"]
[Round "6.1"]
[White "Vachier-Lagrave, Maxime"]
[Black "Salgado Lopez, Ivan"]
[Result "1/2-1/2"]
[WhiteTitle "GM"]
[BlackTitle "GM"]
[WhiteElo "2680"]
[BlackElo "2623"]
[WhiteTeam "CLICHY Echecs 92"]
[BlackTeam "Echiquier Chalonnais"]
[WhiteFideId "623539"]
[BlackFideId "2257327"]
[EventDate "2012.05.31"]

1. d4 Nf6 2. c4 g6 3. Nc3 d5 4. Bg5 Ne4 5. h4 Bg7 6. e3 c5 7. cxd5 Nxc3 8. bxc3
Qxd5 9. Nf3 cxd4 10. exd4 Nc6 11. Be2 Bf5 12. O-O O-O 13. Nd2 e5 14. Bf3 Qd7 15.
d5 Na5 16. c4 h6 17. Be3 Bd3 18. Be2 e4 1/2-1/2